Millî mücâdele 1918-1923 / (Record no. 14304)

MARC details
000 -BAŞLIK
Sabit Uzunlukta Kontrol Alanı 00713nam a2200205 4500
999 ## - SİSTEM KONTROL NUMARALARI (KOHA)
Koha Biblionumber 14304
Koha Biblioitemnumber 14304
003 - KONTROL NUMARASI IDENTIFIER
Denetim Alanı MIRAKIL
005 - SON İŞLEM TARİHİ VE ZAMANI
Denetim Alanı 20201222123212.0
008 - SABİT-BOY VERİ ELEMANLARI - GENEL BİLGİLER
Sabit Uzunlukta Kontrol Alanı 201222b tu ||||| |||| 00| 0 tur d
040 ## - KATALOGLAMA KAYNAK
Orijinal Kataloglama Ajansı TR-AnCHP
Metne Dönüştürmek Ajansı TR-AnCHP
041 ## - DİL KODU
Metin / Ses Parça Veya Ayrı Başlığın Dil Kodu TUR
082 ## - DEWEY ONLU SINIFLANDIRMA NUMARASI
Sınıflandırma Numarası 956.1023
Ürün Numarası B29m 1985
100 ## - ANA GİRİŞ - KİŞİSEL İSİM
Kişisel Ad Baykara, Tuncer
245 10 - BAŞLIK TABLOSU
Başlık Millî mücâdele 1918-1923 /
Sorumluluk Tablosu, Vb Tuncer Baykara.
260 ## - YAYIN, DAĞITIM, VB
Yayın, Dağıtım, Vb Yeri Ankara:
Yayıncı, Dağıtıcı, Vs Adı Kültür ve Turizm Bakanlığı,
Yayın, Dağıtım, Vb Tarihi 1985.
300 ## - FİZİKSEL TANIM
Kapsam 110 s.:
Diğer Fiziksel Ayrıntıları fotg.,hrt.;
Boyutlar 19 sm.
490 0# - SERİSİ TABLOSU
Seri Beyanı Kültür ve Turizm Bakanlığı yayınları ;
-- Gençlik ve halk kitapları dizisi ;
Hacim / Ardışık Tanımı 623.
-- 6.
650 #0 - KONU KATMA GİRİŞ - TOPİKAL DÖNEM
9 (RLIN) 710
Topikal Süreli Veya Coğrafi Ad Giriş Elemanı Osmanlı İmparatorluğu
Genel Alt Bölümü Tarih
Kronolojik Alt Bölümü 1918-1923
650 #0 - KONU KATMA GİRİŞ - TOPİKAL DÖNEM
9 (RLIN) 6033
Topikal Süreli Veya Coğrafi Ad Giriş Elemanı Milli mücadele
Genel Alt Bölümü Türkiye
Kronolojik Alt Bölümü 1918-1923
942 ## - EKLENDİ GİRİŞ ELEMANLARI (KOHA)
Sınıflandırma Veya Raf Düzeni Kaynak Dewey Decimal Classification
Koha Öğesi Türü Books
Holdings
Kalıcı Konum Mevcut Konum Edinme Tarihi Toplam Check-Out'Lar Tam Çağrı Numarası Barkod Tarih Son Görülme İtibaren Geçerli Fiyatlar Sigara Kamu Notu Koha Öğesi Türü
CHP Kütüphanesi CHP Kütüphanesi 12/22/2020   956.1023 B29m 1985 007155 12/22/2020 12/22/2020 Emine Başak Alkan Bağışıdır. Books